Loading...
Fine arts /
| Main Author: | |
|---|---|
| Other Authors: | |
| Format: | Printed Book |
| Language: | English |
| Published: |
Nelson,
1966.
|
| Series: | Story of our heritage, 9
|
| LEADER | 00458nam a2200145Ia 4500 | ||
|---|---|---|---|
| 008 | 150624b xxu||||| |||| 00| 0 eng d | ||
| 082 | |a 759 | ||
| 100 | |a Hillyer, V. M. | ||
| 245 | |a Fine arts / |c V. M. Hillyer | ||
| 260 | |b Nelson, |c 1966. | ||
| 490 | |a Story of our heritage, 9 | ||
| 700 | |a Huey, E. G. | ||
| 942 | |c REF | ||
| 999 | |c 6470 |d 6470 | ||
| 952 | |0 0 |1 0 |4 0 |6 759_000000000000000_HIL_F_R |7 0 |9 6469 |a UL |b UL |c CR |d 1998-09-01 |l 0 |o 759 HIL/F R |p 10532 |r 2019-12-31 |w 2012-10-27 |y REF | ||